00339nam a2200133Ia 4500008004100000041000800041082002000049100003500069245002700104260003200131300000900163502001600172999001700188230128s9999 xx 000 0 und d aeng aDIW PR0222bDIW aDiwan Poonam V(2K4208)9118955 aOnline shopping system c2006bPune UniversityaPune a152p cDhamdhere S c97253d97253